<?xml version="1.0" encoding="UTF-8"?>
<collection xmlns:xsi="http://www.w3.org/2001/XMLSchema-instance" xsi:schemaLocation="http://www.loc.gov/MARC21/slim http://www.loc.gov/standards/marcxml/schema/MARC21slim.xsd" xmlns="http://www.loc.gov/MARC21/slim">
 <record>
  <leader>00000cam a22000004a 4500</leader>
  <controlfield tag="001">UP-99796217613765127</controlfield>
  <controlfield tag="003">Buklod</controlfield>
  <controlfield tag="005">20231205132325.0</controlfield>
  <controlfield tag="006">m     o  j        </controlfield>
  <controlfield tag="007">ta</controlfield>
  <controlfield tag="008">231205s2012    paua    rb   |001 0|eng d</controlfield>
  <datafield tag="020" ind1=" " ind2=" ">
   <subfield code="a">9781613503355 (hardcover)</subfield>
  </datafield>
  <datafield tag="035" ind1=" " ind2=" ">
   <subfield code="a">(iLib)UPD-00524273797</subfield>
  </datafield>
  <datafield tag="040" ind1=" " ind2=" ">
   <subfield code="a">DLC</subfield>
   <subfield code="d">DLS</subfield>
   <subfield code="e">rda</subfield>
  </datafield>
  <datafield tag="041" ind1=" " ind2=" ">
   <subfield code="a">eng</subfield>
  </datafield>
  <datafield tag="042" ind1=" " ind2=" ">
   <subfield code="a">DMLUC</subfield>
  </datafield>
  <datafield tag="090" ind1=" " ind2=" ">
   <subfield code="a">Z 665.2 D44</subfield>
   <subfield code="b">L58 2012</subfield>
  </datafield>
  <datafield tag="245" ind1="0" ind2="0">
   <subfield code="a">Library and information science in developing countries</subfield>
   <subfield code="b">contemporary issues</subfield>
   <subfield code="c">Adeyinka Tella and Abdulwahab O. Issa, [editors].</subfield>
  </datafield>
  <datafield tag="264" ind1=" " ind2="1">
   <subfield code="a">Hershey, PA</subfield>
   <subfield code="b">Information Science Reference</subfield>
   <subfield code="c">2012.</subfield>
  </datafield>
  <datafield tag="300" ind1=" " ind2=" ">
   <subfield code="a">xxvii, 364 pages</subfield>
   <subfield code="b">illustrations</subfield>
   <subfield code="c">29 cm.</subfield>
  </datafield>
  <datafield tag="336" ind1=" " ind2=" ">
   <subfield code="a">text</subfield>
   <subfield code="2">rdacontent</subfield>
  </datafield>
  <datafield tag="337" ind1=" " ind2=" ">
   <subfield code="a">unmediated</subfield>
   <subfield code="2">rdamedia</subfield>
  </datafield>
  <datafield tag="338" ind1=" " ind2=" ">
   <subfield code="a">volume</subfield>
   <subfield code="2">rdacarrier</subfield>
  </datafield>
  <datafield tag="500" ind1=" " ind2=" ">
   <subfield code="a">&quot;Premier reference source&quot;--Cover.</subfield>
  </datafield>
  <datafield tag="504" ind1=" " ind2=" ">
   <subfield code="a">Includes bibliographical references and index.</subfield>
  </datafield>
  <datafield tag="505" ind1="0" ind2=" ">
   <subfield code="a">Fostering and developing leadership amongst library staff at the University of Zambia Library / Christine Wamunyima Kanyengo -- Pakistan Library and Information Council : a proposal / Midrar Ullah, Khalid Mahmood -- Modernisation of a traditional library / Mehtab Alam Ansari -- Marketing library and information services for effective utilization of available resources : the 21st century librarians and information professionals : which ways and what works? / Tella, Adeyinka ; Ojo, Rachael -- Strategies for marketing an academic library in an African setting / Sylvia A. Ogola, Japhet Otike -- The significance of marketing in library and information science / Monday Obaidjevwe Ogbomo -- Marketing libraries : adopting marketing strategies in Nigerian libraries / Olamidipupo Solomon -- Libraries and preservation of indigenous knowledge in developing countries : the Nigeria experience / Omopupa, K.T. ; Bashorun, M.T. ; Isah, A -- The school librarian in rural China : a stranger among her people / Peter Warning, James Henri -- The future of readership development : how ICTs have influenced user habits and library acquisitions / Elisam Magara -- Status of information ethics teaching at the School of Information Sciences, Moi University, Kenya / Henry N. Kemoni -- An assessment of the perception of library school students towards librarianship at the University of Ilorin : a pilot study / Abdulwahaab Olanrewaju Issa -- Demystifying digital scholarship / Stephen Mutula -- Establishing the digital library : don't ignore the library standards and don' forget the training needed / Alan Hopkinson -- A review of e-government services in Nigeria / Gbola Olasina -- Digital libraries : their challenges and issues in the perspectives of developing countries like India / N.Swaminathan -- Information flow and democratic governance : an analysis of the African experience / F.A. Aremu, H.T. Saka -- Librarians, records managers, and e-government / Cathrine T. Nengomasha -- Information services provision to person with visual impairment in Nigeria : the salient issues / Niran Adetoro -- Organisation of information and the information retrieval system / Edeama O. Onwuchekwa -- Social media in library and information centers / Ayodele John Alonge -- Bibliometric analysis of DECIDOC journal of library &amp; information technology / S. Thanuskodi -- Cataloguing and classification of library resources in the 21st century / Lydia O. Adedibu, Evelyn O. Akinboro, and Titilola A. Abdul salam.</subfield>
  </datafield>
  <datafield tag="520" ind1=" " ind2=" ">
   <subfield code="a">The field of library and information science is experiencing significant and continued transformation as a result of advancements in digital technology. Adapting to new technologies is crucial for librarians and other information professionals, but there exists a particularly acute gap in technology adoption among developing countries. Library and Information Science in Developing Countries: Contemporary Issues explores the relationship between global technology development and the impact of new technologies on library practice, library education, and information science. Book chapters and case studies in this work provide insight to and support for practitioners and executives concerned with the management of knowledge, information, and organizational development in different types of work environments and learning communities.--Provided by publisher.</subfield>
  </datafield>
  <datafield tag="650" ind1=" " ind2="0">
   <subfield code="a">Library science</subfield>
   <subfield code="z">Developing countries.</subfield>
  </datafield>
  <datafield tag="650" ind1=" " ind2="0">
   <subfield code="a">Information science</subfield>
   <subfield code="z">Developing countries.</subfield>
  </datafield>
  <datafield tag="650" ind1=" " ind2="0">
   <subfield code="a">Libraries</subfield>
   <subfield code="z">Developing countries.</subfield>
  </datafield>
  <datafield tag="650" ind1=" " ind2="0">
   <subfield code="a">Library education</subfield>
   <subfield code="z">Developing countries.</subfield>
  </datafield>
  <datafield tag="700" ind1="1" ind2=" ">
   <subfield code="a">Tella, A.</subfield>
   <subfield code="q">(Adeyinka)</subfield>
   <subfield code="d">1972-</subfield>
   <subfield code="e">editor. </subfield>
  </datafield>
  <datafield tag="700" ind1="1" ind2=" ">
   <subfield code="a">Issa, A. O.</subfield>
   <subfield code="q">(Abdulwahaab Olanrewaju)</subfield>
   <subfield code="d">1967-.</subfield>
  </datafield>
  <datafield tag="905" ind1=" " ind2=" ">
   <subfield code="a">FO</subfield>
  </datafield>
  <datafield tag="852" ind1="0" ind2=" ">
   <subfield code="a">UPD</subfield>
   <subfield code="b">DLS</subfield>
   <subfield code="h">Z 665.2 D44</subfield>
   <subfield code="i">L58 2012</subfield>
  </datafield>
  <datafield tag="942" ind1=" " ind2=" ">
   <subfield code="a">Book</subfield>
  </datafield>
 </record>
</collection>
